| 000 | 00796nam a22002177a 4500 | ||
|---|---|---|---|
| 999 |
_c16964 _d16964 |
||
| 003 | AR-CdUCM | ||
| 008 | 190506b ||||| |||| 00| 0 spa d | ||
| 040 |
_aMUNICIPALIDAD PROVINCIAL DEL CUSCO _cBIBLIOTECA MUNICIPAL DEL CUSCO |
||
| 082 |
_a818.5 / _bM43 |
||
| 100 |
_aMerton, Thomas _936736 |
||
| 245 | _aEl exilio y la gloria / | ||
| 260 |
_aSantiago de Chile : _bPomaire, _c1960. |
||
| 300 |
_a339 páginas ; _c18 cm. |
||
| 500 | _aTítulo original: Exile ends in glory. | ||
| 505 | _aContenido: El convenio de la redención -- Un intervalo en Lyon -- El convento de Laval -- La noticia -- Sentencia de exilio -- El viaje... | ||
| 650 |
_aDirección espiritual _936737 |
||
| 650 |
_aVida religiosa _93864 |
||
| 650 |
_aMonacato _936738 |
||
| 942 |
_2ddc _cLIBROS |
||
| 945 |
_aacv _d2016-05-06 |
||